000 01106nam a2200313 i 4500
003 EG-ScBUE
005 20250728102122.0
008 150701r20081987enka f b 000 0 eng d
020 _a9788126517176
040 _aEG-ScBUE
_beng
_erda
_cEG-ScBUE
_dEG-ScBUE
082 0 4 _a543.07
_bCUR
_222
100 1 _aCurrell, Graham,
_eauthor.
_939117
245 1 0 _aInstrumentation :
_banalytical chemistry by open learning /
_cGraham Currell, Bristol Polytechnic, UK ; editor Norman B. Chapman.
250 _aReprint edition.
264 1 _aChichester :
_bJohn Wiely & Sons,
_c2008
300 _axv, 401 pages :
_billustrations ;
_c24 cm.
336 _2rdacontent
_atext
_btxt
337 _2rdamedia
_aunmediated
_bn
338 _2rdacarrier
_avolume
_bnc
490 0 _aAnalytical Chemistry by Open Learning
500 _aReprinted of the1987 ed.
504 _aIncludes bibliographical references.
650 7 _aInstrumental analysis.
_2BUEsh
_926916
650 7 _aChemistry, Analytic.
_2BUEsh
_913137
651 _2BUEsh
653 _bENGGEN
_cJune2015
_cJanuary2016
655 _vReading book
942 _2ddc
_cBB
999 _c20101
_d20073